000 01267nam a2200193 a 4500
001 000040732
005 20201002034334.0
008 130905s2004 sp 000 0 spa d
020 _a9788497564953
040 _aDO-SdBNP
_bspa
_cBNPHU
100 1 _aBallart, Josep
_967128
245 1 0 _aManual de museos /
_cJosep Ballart Hernández.
260 _aMadrid :
_bSíntesis,
_c[200?].
300 _a245 p. ;
_c23 cm.
490 1 _aPatrimomio cultural ;
_v4
504 _aBibliografía: p. 237-245
505 0 _tEl museo y sus estructuras--
_tEl museo como institución --
_tEl museo en sus colecciones --
_tEl museo como organización --
_tEl museo como equipo humano profesional --
_tEl museo como contenedor --
_tEl museo como conservador --
_tEl público y los museos --
_tEl público y los museos del siglo XXI --
_tLos museos y la comunicación. --
_tLos museos y la educación Ideado como una síntesis didáctica, la obra abarca los aspectos fundamentales, las funciones y los principales retos de la museología en la actualidad --
_tLa cita de más de doscientos museos de España y del resto del mundo, en algunos casos con estudio y comentario crítico añadido, completa la estructura del texto, que integra teoría y práctic
830 0 _aPatrimomio cultural
_n4
_967129
999 _c40222
_d40222